Hrubá zemědělská produkce za rok 1994
Ukazovatele hrubej poľnohospodárskej výroby v ČR za rok 1994. Vývoj hrubej poľnohospodárskej a trhovej poľnohospodárskej výroby v r.1980-1994. Vývoj základných zložiek rastlinnej a živočíšnej produkcie.
Guardado en:
| Autor principal: | |
|---|---|
| Formato: | Capítulo de libro |
| Lenguaje: | checo |
| Materias: | |
| Etiquetas: |
Sin Etiquetas, Sea el primero en etiquetar este registro!
|
MARC
| LEADER | 00000naa a2200000 4500 | ||
|---|---|---|---|
| 001 | r019077 | ||
| 005 | 20221205102755.1 | ||
| 041 | 0 | |a cze | |
| 044 | |a CZ | ||
| 245 | 1 | 0 | |a Hrubá zemědělská produkce za rok 1994 |c H. Nováková |
| 520 | |a Ukazovatele hrubej poľnohospodárskej výroby v ČR za rok 1994. Vývoj hrubej poľnohospodárskej a trhovej poľnohospodárskej výroby v r.1980-1994. Vývoj základných zložiek rastlinnej a živočíšnej produkcie. | ||
| 610 | 2 | 0 | |a výroba poľnohospodárska |
| 610 | 2 | 0 | |a Česko |
| 610 | 2 | 0 | |a 1994 |
| 610 | 2 | 0 | |a vývoj |
| 610 | 2 | 0 | |a poľnohospodárstvo |
| 610 | 2 | 0 | |a výroba živočíšna |
| 610 | 2 | 0 | |a výroba rastlinná |
| 610 | 2 | 0 | |a štatistika |
| 610 | 2 | 0 | |a ukazovatele štatistické |
| 100 | 1 | |a Nováková, H. | |